000
00265nam a22001217a 4500
003
SGT
082
_a
617.7
_b
R07J
100
_a
JOUSSEN, ANTONIA M.
245
_a
RETINAL VASCULAR DISEASES
260
_a
GERMANY
_b
SPRINGER
_c
2007
300
_a
778
942
_2
ddc
_c
BK
999
_c
14799
_d
14799